Guillermo el lider / (Record no. 28296)

MARC details
000 -LEADER
fixed length control field 00631nam a22002177a 4500
001 - CONTROL NUMBER
control field sjds
003 - CONTROL NUMBER IDENTIFIER
control field sjds
005 - DATE AND TIME OF LATEST TRANSACTION
control field 20230905202553.0
008 - FIXED-LENGTH DATA ELEMENTS--GENERAL INFORMATION
fixed length control field 230905b |||||||| |||| 00| 0 spa d
020 ## - INTERNATIONAL STANDARD BOOK NUMBER
International Standard Book Number 9561310295
040 ## - CATALOGING SOURCE
Transcribing agency sjds
041 ## - LANGUAGE CODE
Language code of text/sound track or separate title spa
100 10 - MAIN ENTRY--PERSONAL NAME
Personal name Crompton, Richmal
245 ## - TITLE STATEMENT
Title Guillermo el lider /
Statement of responsibility, etc. Richmal Crompton, Carmen Landeta, M. Rosa Duhart
260 ## - PUBLICATION, DISTRIBUTION, ETC. (IMPRINT)
Place of publication, distribution, etc. Santiago, Chile :
Name of publisher, distributor, etc. Andres Bello,
Date of publication, distribution, etc. 1998.
300 ## - PHYSICAL DESCRIPTION
Extent 152 paginas :
Other physical details ilustraciones (algunas en color) ;
Dimensions 19 cm.
440 ## - SERIES STATEMENT/ADDED ENTRY--TITLE
Title Club de lectores Andres Bello,
Number of part/section of a work 115
700 10 - ADDED ENTRY--PERSONAL NAME
Personal name Landeta, Carmen
700 10 - ADDED ENTRY--PERSONAL NAME
Personal name Duhart, M. Rosa
942 ## - ADDED ENTRY ELEMENTS (KOHA)
Koha item type Libro/Book
Holdings
Withdrawn status Lost status Damaged status Not for loan Home library Current library Date acquired Inventory number Total Checkouts Full call number Barcode Date last seen Date checked out Price effective from Koha item type
        San Juan Del Sur -- Mobile San Juan Del Sur -- Mobile 05/09/2023 Inventory date: 27-2-25 2 JFI 33017407 15/10/2024 03/09/2024 05/09/2023 Libro/Book

Powered by Koha